ACC Men's Basketball Champions - Statistics

General Stats
  • This quiz has been taken 43 times
  • The average score is 43 of 65
Answer Stats
Year Champion % Correct
2016 North Carolina
89%
2017 Duke
86%
2018 Virginia
84%
2008 North Carolina
81%
2010 Duke
78%
2007 North Carolina
78%
2003 Duke
76%
2005 Duke
76%
2006 Duke
76%
2011 Duke
76%
2000 Duke
73%
2001 Duke
73%
2002 Duke
73%
2009 Duke
73%
1992 Duke
70%
1999 Duke
70%
1967 North Carolina
70%
1968 North Carolina
70%
1969 North Carolina
70%
1972 North Carolina
70%
1975 North Carolina
70%
1977 North Carolina
70%
1979 North Carolina
70%
1982 North Carolina
70%
1991 North Carolina
70%
1994 North Carolina
70%
1998 North Carolina
70%
2014 Virginia
70%
1954 NC State
68%
1955 NC State
68%
1956 NC State
68%
1957 North Carolina
68%
1981 North Carolina
68%
1989 North Carolina
68%
1997 North Carolina
68%
1978 Duke
65%
1988 Duke
65%
1973 NC State
65%
1983 NC State
65%
1996 Wake Forest
65%
1966 Duke
62%
1980 Duke
62%
1986 Duke
62%
2004 Maryland
62%
1974 NC State
62%
1995 Wake Forest
62%
1960 Duke
59%
1970 NC State
59%
1987 NC State
59%
1976 Virginia
59%
1962 Wake Forest
59%
1963 Duke
57%
1964 Duke
57%
2012 Florida State
57%
1958 Maryland
57%
1984 Maryland
57%
2013 Miami
57%
1959 NC State
57%
1965 NC State
57%
1961 Wake Forest
57%
1990 Georgia Tech
54%
1971 South Carolina
54%
1985 Georgia Tech
51%
1993 Georgia Tech
51%
2015 Notre Dame
51%
No matching quizzes found
Score Distribution
Percent of People with Each Score
Percentile by Number Answered
Your Score History
You have not taken this quiz